header

Plato's dreams realized (Record no. 116678)

MARC details
000 -LEADER
fixed length control field 01886nam a2200433 a 4500
082 04 - DEWEY DECIMAL CLASSIFICATION NUMBER
Classification number 341.4/8
100 1# - MAIN ENTRY--AUTHOR NAME
Personal name Avakov, Aleksandr V.
245 10 - TITLE STATEMENT
Title Plato's dreams realized
260 ## - PUBLICATION, DISTRIBUTION, ETC. (IMPRINT)
Place of publication New York :
Name of publisher Algora Pub.,
Year of publication 2006.
300 ## - PHYSICAL DESCRIPTION
Number of Pages xii, 246 p.
505 0# - FORMATTED CONTENTS NOTE
Formatted contents note The subjective : US intelligence greets a Soviet dissident -- The objective : is there, objectively speaking, a problem of rights vs. national security state in America? -- Philosophy of rights.
650 #0 - SUBJECT ADDED ENTRY--TOPICAL TERM
Topical Term Human rights.
Topical Term Freedom of expression.
Topical Term Internal security.
Topical Term Civil rights
Topical Term Civil rights
Topical Term Dissenters
856 40 - ELECTRONIC LOCATION AND ACCESS
Uniform Resource Identifier http://site.ebrary.com/lib/rucke/Doc?id=10476877

No items available.

© 2026 Rongo University
Contact us: librarian | system librarian | Rongo university